000
00343 a2200157 4500
001
177535
020
_a
85-7514043-4
040
_c
Magnum
100
_a
Pinto, Frances Rodrigues
240
1
0
_a
Aventura de flavinha
_l
por
245
1
0
_a
Aventura de flavinha
300
_a
12
362
0
_a
2003
697
_a
LITERATURA INFANTIL
942
_c
BK
999
_c
177535
_d
177535